000
00304nam a2200121 a 4500
005
20140414131934.0
008
100825s19uu xx 00 eng d
050
_a
REF 598
_b
G15 1991
100
_a
Ganeri, Anita
245
_a
Amazing bird facts.
650
_a
Birds
_x
Juvenile literature
999
_c
112381
_d
112381